Encuentros

Bibliographic Details
Format: eBook
Language:Spanish
Published: Barranquilla : Universidad Autonoma del Caribe, 201? -
Subjects:
Online Access:Accesor estringido

MARC

LEADER 00000nam a22000007a 4500
005 20171010113133.0
007 cr|||| ||||
008 171010c20xx9999co |||| s|||| 0|||b1spa d
022 |a 2216135X 
035 |a 20383 
040 |a vLex 
090 |c 7103  |d 7103 
245 0 0 |a Encuentros  |h [Recurso electrn̤ico] 
256 |a Servicio en ln̕ea 
260 |a Barranquilla :  |b Universidad Autonoma del Caribe,  |c 201? - 
300 |a 1 recurso electrn̤ico 
310 |a Semestral 
506 |a Disponible solo en los productos indicados  |d vLex Global  |d vLex Global (Academic Edition, excluding Law Schools)  |d vLex Global (U.S. Academic Edition, Law Schools)  |d vLex Global (U.S. Academic Edition, excluding Law Schools)  |d vLex Global (Academic Edition, Law Schools) 
650 0 4 |a Ciencias sociales  |z Colombia 
740 0 |a vLex Revistas (Servicio en ln̕ea) 
856 4 0 |u http://vlex.com/source/encuentros-20383  |z Accesor estringido 
942 |c REV 
999 0 |a Social sciences